Y-Ending Girl Names Quiz Stats

Quiz Updated Aug 19, 2016

Challenge
Share
Tweet
Embed
Score 0/65 Timer 10:00
1 Play Today
Year Name % Correct
1890Mary
83.7%
1900Mary
83.7%
1910Mary
83.7%
1920Mary
83.7%
1930Mary
83.7%
1940Mary
83.7%
1950Mary
83.7%
1960Mary
83.7%
1970Mary
83.7%
1980Mary
83.7%
1990Emily
62.7%
2000Emily
62.7%
2010Emily
62.7%
1970Amy
62%
1980Amy
62%
1980Kelly
54.9%
2010Lily
52.1%
1930Nancy
49.8%
1940Nancy
49.8%
1950Nancy
49.8%
1960Nancy
49.8%
1910Betty
49.4%
1920Betty
49.4%
1930Betty
49.4%
1940Betty
49.4%
1950Betty
49.4%
1990Ashley
47.3%
2000Ashley
47.3%
2010Ashley
47.3%
1960Kathy
46.9%
1890Lucy
46.5%
1900Lucy
46.5%
1910Lucy
46.5%
Year Name % Correct
1960Cindy
40.5%
1990Brittany
39.3%
1970Tracy
38.5%
1950Judy
36%
2010Hailey
35.1%
1890Daisy
34.3%
1900Daisy
34.3%
1960Kimberly
33.9%
1970Kimberly
33.9%
1980Kimberly
33.9%
1890Ruby
33.2%
1900Ruby
33.2%
1910Ruby
33.2%
1920Ruby
33.2%
1900Dorothy
32.4%
1910Dorothy
32.4%
1920Dorothy
32.4%
1930Dorothy
32.4%
1940Dorothy
32.4%
1970Tammy
32.4%
2000Haley
32.4%
1980Tiffany
31.8%
1990Tiffany
31.8%
1890May
30.9%
1920Shirley
26.8%
1930Shirley
26.8%
1940Shirley
26.8%
1950Shirley
26.8%
1990Courtney
25.7%
2010Avery
24.4%
2000Destiny
18.4%
2000Sydney
18.1%

You're not logged in!

Compare scores with friends on all Sporcle quizzes.
Join for Free
OR
Log In

You Might Also Like...

Show Comments

Extras

Top Quizzes Today


Score Distribution

Your Account Isn't Verified!

In order to create a playlist on Sporcle, you need to verify the email address you used during registration. Go to your Sporcle Settings to finish the process.

Report this User

Report this user for behavior that violates our Community Guidelines.

Details: